Gurudeva Śrī Ratna Muni smr̥ti grantha. (Record no. 69304)

MARC details
000 -LEADER
fixed length control field 00743cam a22002651 4500
001 - CONTROL NUMBER
control field sa 66004266
003 - CONTROL NUMBER IDENTIFIER
control field DLC
005 - DATE AND TIME OF LATEST TRANSACTION
control field 20260227112241.0
008 - FIXED-LENGTH DATA ELEMENTS--GENERAL INFORMATION
fixed length control field 890614s1964 ii achj b 000 0 hino
010 ## - LIBRARY OF CONGRESS CONTROL NUMBER
LC control number sa 66004266
035 ## - SYSTEM CONTROL NUMBER
System control number (OCoLC)19871306
040 ## - CATALOGING SOURCE
Original cataloging agency DLC
Transcribing agency WaU
Modifying agency DLC
041 0# - LANGUAGE CODE
Language code of text/sound track or separate title hineng
042 ## - AUTHENTICATION CODE
Authentication code premarc
050 00 - LIBRARY OF CONGRESS CALL NUMBER
Classification number BL1305
Item number .G8
111 2# - MAIN ENTRY--MEETING NAME
Meeting name or jurisdiction name as entry element Gurudeva Smriti Grantha Samiti.
245 10 - TITLE STATEMENT
Title Gurudeva Śrī Ratna Muni smr̥ti grantha.
260 ## - PUBLICATION, DISTRIBUTION, ETC.
Date of publication, distribution, etc. [1964]
300 ## - PHYSICAL DESCRIPTION
Extent 15, 88, 434, ii, 107 p.
Other physical details illus., facsims., geneal. tables, port.
Dimensions 25 cm.
500 ## - GENERAL NOTE
General note Hindi or English.
504 ## - BIBLIOGRAPHY, ETC. NOTE
Bibliography, etc. note Bibliographical footnotes.
650 #0 - SUBJECT ADDED ENTRY--TOPICAL TERM
Topical term or geographic name entry element Jainism.
600 20 - SUBJECT ADDED ENTRY--PERSONAL NAME
Personal name Ratan Chand, Muni,
Dates associated with a name 1793-1864.
700 1# - ADDED ENTRY--PERSONAL NAME
Personal name Kothari, D. S.

No items available.

Powered by Koha